000 00592nam a22002177a 4500
001 00028947
005 20260429082340.0
008 260429b ag ||||| |||| 00| 0 spa d
020 _a8475833578
040 _aAR-CcCEOS
_bspa
_cAR-CcCEOS
041 _aspa
080 _a94:7(32)
090 _bBAI v.2
100 1 _aBaines, John
_91149
245 1 1 _aEgipto :
_bDioses, templos y faraones : Volumen II /
_cJohn Baines y Jaromir Málek
300 _a240 p. ;
_c24x18 cm.
490 _vAtlas culturales del mundo
650 0 _ahistoria
_990
655 0 _aarte
_9138
942 _2udc
_cBK
_n0
999 _c29000
_d29000